Datum a čas kvízu
30
Celkem bodů
Celkový počet nahraných bodů na tomto kvízu bez doplňovacích otázek.
14.
Pořadí na kvízu
Konečné umístění týmu na tomto kvízu.
Zaznamenané odpovědi
| # | Otázka | Odpověď | Body | Výsledky |
|---|---|---|---|---|
| 1. | Novinářskou cenu Ferdinanda Pe... | 0 | ||
| 2. | Část historických královských... | 1 | ||
| 3. | Známý britský herec a komik od... | 0 | ||
| 4. | Společnost Google minulý týden... | 1 | ||
| 5. | Martina Sáblíková šokovala sou... | 0 | ||
| 7. | Kterou barvou je na mapě vyzna... | 1 | ||
| 8. | Díváme se na podobiznu bezespo... | 1 | ||
| 9. | Jak se jmenuje jedna z největš... | 0 | ||
| 10. | Vzhledem k přírodním podmínkám... | 0 | ||
| 41. | Movember je celosvětová charit... | 0 |